[Event "España ch-2015 sub-16"]
[Site "Salobreña ESP"]
[Date "2015.07.24"]
[Round "7.12"]
[White "Martin Carmona, Gaston Manuel"]
[Black "Bayo Milagro, Alvaro"]
[Result "0-1"]
[WhiteElo "2049"]
[BlackElo "2109"]
[PlyCount "112"]
[EventDate "2015.07.20"]
[EventType "swiss"]
[EventRounds "9"]
[EventCountry "ESP"]
[Source "lmi"]
[SourceDate "2015.07.20"]

1. e4 e6 2. d4 d5 3. Nc3 Nf6 4. e5 Nfd7 5. f4 c5 6. Nf3 Nc6 7. Be3 Qb6 8. Na4
Qa5+ 9. c3 b6 10. Bd2 c4 11. b4 Nxb4 12. cxb4 Bxb4 13. Qc2 Bxd2+ 14. Nxd2 b5
15. Nc3 b4 16. Ne2 Nb6 17. g3 g6 18. Kf2 Bd7 19. Bg2 Rc8 20. Qc1 Qb5 21. h4 a5
22. Rb1 Qa4 23. Ra1 Qc6 24. Rb1 Na4 25. Qc2 Qa6 26. h5 Ke7 27. Bf3 Bb5 28. Ke3
Nb6 29. Qc1 Nd7 30. Re1 c3 31. Nb3 Bd3 32. Ra1 a4 33. Nc5 Nxc5 34. dxc5 Rxc5
35. Nd4 Rb8 36. Rd1 Bc4 37. a3 Qa5 38. axb4 Rxb4 39. Qa3 Bb3 40. Nxb3 Rxb3 41.
Qxb3 axb3 42. Rxa5 Rxa5 43. Rh1 Rc5 44. hxg6 hxg6 45. Bd1 c2 46. Bxc2 Rxc2 47.
g4 Rc3+ 48. Ke2 b2 49. Rb1 Rb3 50. Kd2 Rb4 51. Ke3 Kd7 52. g5 Kc6 53. Kd3 Kc5
54. Kc3 Rb7 55. Kd3 Rb3+ 56. Kc2 Kb4 0-1

[Event "España ch-2015 sub-16"]
[Site "Salobreña ESP"]
[Date "2015.07.24"]
[Round "7.13"]
[White "Rodriguez Mellado, Antonio"]
[Black "Orantes Taboada, Francisco"]
[Result "0-1"]
[WhiteElo "2007"]
[BlackElo "2135"]
[PlyCount "76"]
[EventDate "2015.07.20"]
[EventType "swiss"]
[EventRounds "9"]
[EventCountry "ESP"]
[Source "lmi"]
[SourceDate "2015.07.20"]

1. Nf3 Nf6 2. g3 g6 3. b3 Bg7 4. Bb2 d5 5. Bg2 c5 6. O-O O-O 7. c4 d4 8. d3 Nc6
9. Nbd2 e5 10. a3 a5 11. h3 Nd7 12. g4 h6 13. e4 Kh7 14. Re1 Rg8 15. Nf1 Nf8
16. Ng3 Ne6 17. Bc1 Bd7 18. Bd2 Qc7 19. Qc1 Nf4 20. Bxf4 exf4 21. Ne2 g5 22.
Qd2 Be5 23. Kf1 h5 24. gxh5 f6 25. Neg1 Be6 26. Ke2 Qf7 27. Kd1 a4 28. bxa4
Rxa4 29. Qb2 Rb8 30. Kc2 Rxc4+ 31. Kd2 Rc3 32. Reb1 Rxd3+ 33. Ke1 Bc7 34. Ne2
Ba5+ 35. Kf1 Qxh5 36. Neg1 Bc4 37. Ne2 Rxf3 38. Bxf3 Qxf3 0-1

[Event "España ch-2015 sub-16"]
[Site "Salobreña ESP"]
[Date "2015.07.24"]
[Round "7.14"]
[White "Esquivias Quintero, Luis Manuel"]
[Black "Garcia Sobrino, David"]
[Result "1-0"]
[WhiteElo "2134"]
[BlackElo "2011"]
[PlyCount "67"]
[EventDate "2015.07.20"]
[EventType "swiss"]
[EventRounds "9"]
[EventCountry "ESP"]
[Source "lmi"]
[SourceDate "2015.07.20"]

1. e4 c5 2. Nc3 e6 3. Nf3 Nc6 4. d4 cxd4 5. Nxd4 Qc7 6. Be3 a6 7. Qd2 Nf6 8.
O-O-O Be7 9. f3 O-O 10. g4 Rd8 11. g5 Ne8 12. Kb1 b5 13. Nxc6 Qxc6 14. Qf2 Rb8
15. Ne2 b4 16. Nd4 Qc7 17. h4 d5 18. e5 Bd7 19. f4 Qb7 20. h5 Nc7 21. g6 Nb5
22. h6 fxg6 23. hxg7 Kxg7 24. Qh2 Rh8 25. f5 exf5 26. e6 Nc3+ 27. bxc3 bxc3+
28. Nb3 Bxe6 29. Bd4+ Bf6 30. Qh6+ Kf7 31. Qxh7+ Rxh7 32. Rxh7+ Ke8 33. Rxb7
Rxb7 34. Bxf6 1-0

[Event "España ch-2015 sub-16"]
[Site "Salobreña ESP"]
[Date "2015.07.24"]
[Round "7.16"]
[White "Toval Lopez, Alberto"]
[Black "Buiza Prieto, Eihartze"]
[Result "0-1"]
[WhiteElo "1904"]
[BlackElo "2095"]
[PlyCount "84"]
[EventDate "2015.07.20"]
[EventType "swiss"]
[EventRounds "9"]
[EventCountry "ESP"]
[Source "lmi"]
[SourceDate "2015.07.20"]

1. e4 c5 2. Nf3 Nc6 3. d4 cxd4 4. Nxd4 g6 5. c4 Bg7 6. Be3 Nf6 7. Nc3 Ng4 8.
Qxg4 Nxd4 9. Qd1 Ne6 10. Rc1 Qa5 11. Qd2 g5 12. b3 Qe5 13. f3 b6 14. Nd5 Kf8
15. Bd3 Bb7 16. Bb1 h5 17. O-O h4 18. h3 Qg3 19. Bf2 Qd6 20. Be3 Rg8 21. Rfd1
Be5 22. Nc3 Qxd2 23. Rxd2 d6 24. Ne2 f6 25. Rdd1 Kf7 26. Kf2 Rac8 27. Nd4 Nxd4
28. Bxd4 Bxd4+ 29. Rxd4 a5 30. a3 Rc7 31. Rd2 Rgc8 32. Rdc2 Ba6 33. Ke3 a4 34.
b4 Bxc4 35. Ba2 b5 36. Bxc4+ bxc4 37. Kd4 e5+ 38. Kd5 c3 39. Kxd6 Rc4 40. Kd7
R8c7+ 41. Kd6 R4c6+ 42. Kd5 Ke7 0-1

[Event "España ch-2015 sub-16"]
[Site "Salobreña ESP"]
[Date "2015.07.24"]
[Round "7.17"]
[White "Ventura Bolet, Alexandre"]
[Black "Jarque Megias, Juan Jose"]
[Result "1-0"]
[WhiteElo "2087"]
[BlackElo "1987"]
[PlyCount "71"]
[EventDate "2015.07.20"]
[EventType "swiss"]
[EventRounds "9"]
[EventCountry "ESP"]
[Source "lmi"]
[SourceDate "2015.07.20"]

1. e4 c5 2. Nf3 a6 3. d4 cxd4 4. Nxd4 Nf6 5. Nc3 e5 6. Nb3 Bb4 7. Bd3 d5 8.
exd5 Nxd5 9. O-O Nxc3 10. bxc3 Bxc3 11. Ba3 Bxa1 12. Qxa1 Nc6 13. f4 Be6 14.
fxe5 Rc8 15. Bd6 Ne7 16. Qd4 Nc6 17. Qf4 Ne7 18. Kh1 Nd5 19. Qg3 g5 20. Nc5
Rxc5 21. Bxc5 h5 22. Rd1 h4 23. Qf2 h3 24. g3 Qc7 25. Bd6 Qc6 26. Be4 Qc4 27.
Rd4 Qxa2 28. Qe1 Qb2 29. Rxd5 Bxd5 30. Bxd5 Qb6 31. c4 Rh6 32. Qf1 f6 33. Qf5
fxe5 34. Qc8+ Qd8 35. Bf7+ Kxf7 36. Qxd8 1-0

[Event "España ch-2015 sub-16"]
[Site "Salobreña ESP"]
[Date "2015.07.24"]
[Round "7.18"]
[White "Navarro Cabrera, Carlos"]
[Black "Chueca Lorente, Javier"]
[Result "0-1"]
[WhiteElo "1926"]
[BlackElo "2123"]
[PlyCount "66"]
[EventDate "2015.07.20"]
[EventType "swiss"]
[EventRounds "9"]
[EventCountry "ESP"]
[Source "lmi"]
[SourceDate "2015.07.20"]

1. Nf3 c5 2. c4 g6 3. g3 Bg7 4. Bg2 Nc6 5. Nc3 e6 6. d3 Nge7 7. Ne4 d5 8. cxd5
exd5 9. Ned2 O-O 10. O-O b6 11. Qa4 Bb7 12. Nb3 Nb4 13. Nbd4 a5 14. Nb5 Bc6 15.
a3 Na6 16. Qh4 Bxb5 17. g4 Nc6 18. a4 Nd4 19. Qxd8 Nxe2+ 20. Kh1 Rfxd8 21. axb5
Nxc1 22. Raxc1 Nb4 23. d4 cxd4 24. Rc7 d3 25. Ng5 Rf8 26. b3 h6 27. Nh3 Rac8
28. Rfc1 Rxc7 29. Rxc7 d2 30. Bf3 Re8 31. Kg2 Nd3 32. Kg3 Be5+ 33. Kh4 Bxc7 0-1

[Event "España ch-2015 sub-16"]
[Site "Salobreña ESP"]
[Date "2015.07.24"]
[Round "7.19"]
[White "Vidal Fernandez, Pablo"]
[Black "Morona Minguez, Miguel"]
[Result "1/2-1/2"]
[WhiteElo "2057"]
[BlackElo "1924"]
[PlyCount "102"]
[EventDate "2015.07.20"]
[EventType "swiss"]
[EventRounds "9"]
[EventCountry "ESP"]
[Source "lmi"]
[SourceDate "2015.07.20"]

1. e4 e6 2. d4 d5 3. e5 c5 4. Nf3 Qb6 5. Bd3 Nc6 6. O-O cxd4 7. a3 Bd7 8. b4 a6
9. Bf4 Nge7 10. Re1 O-O-O 11. Nbd2 f6 12. Nb3 Re8 13. Qd2 fxe5 14. Nxe5 Nxe5
15. Bxe5 Nc6 16. f4 Nxe5 17. fxe5 Be7 18. Kh1 Ref8 19. Rf1 h6 20. Be2 Bg5 21.
Qxd4 Qxd4 22. Nxd4 Bf4 23. Nf3 g5 24. g3 Be3 25. Rad1 Bc6 26. Nd4 Rxf1+ 27.
Bxf1 Bxd4 28. Rxd4 Rf8 29. Kg1 Rf5 30. Bd3 Rxe5 31. Kf2 Bb5 32. Kf3 Bxd3 33.
Rxd3 h5 34. a4 g4+ 35. Kf4 Rf5+ 36. Ke3 Rf3+ 37. Kd4 Rxd3+ 38. cxd3 Kd7 39. Ke5
Ke7 40. a5 Kf7 41. Kd6 Kf6 42. Kc7 e5 43. Kxb7 e4 44. dxe4 dxe4 45. b5 e3 46.
bxa6 e2 47. a7 e1=Q 48. a8=Q Qe4+ 49. Ka7 Qd4+ 50. Ka6 Qc4+ 51. Kb6 Ke5 1/2-1/2

[Event "España ch-2015 sub-16"]
[Site "Salobreña ESP"]
[Date "2015.07.24"]
[Round "7.20"]
[White "Ros Alonso, Jaume"]
[Black "Redondo Benavente, Ana"]
[Result "0-1"]
[WhiteElo "2028"]
[BlackElo "1920"]
[PlyCount "72"]
[EventDate "2015.07.20"]
[EventType "swiss"]
[EventRounds "9"]
[EventCountry "ESP"]
[Source "lmi"]
[SourceDate "2015.07.20"]

1. e4 e5 2. Nf3 Nc6 3. Bb5 f5 4. d3 fxe4 5. dxe4 Nf6 6. Bg5 Bc5 7. O-O d6 8. h3
O-O 9. Bc4+ Kh8 10. Nc3 Na5 11. Bd3 Nc6 12. Bc4 Na5 13. Bd3 Nc6 14. Nd5 Ne7 15.
Nh4 Nexd5 16. exd5 Qe8 17. Bxf6 Rxf6 18. Qe2 Qf7 19. Nf3 Qxd5 20. Bc4 Qc6 21.
Ng5 Qe8 22. Qe4 Bf5 23. Qxb7 Rc8 24. Ne4 Bxe4 25. Qxe4 Rf4 26. Qe2 Qg6 27. Kh2
Rcf8 28. f3 c6 29. Bd3 Qh6 30. Rad1 R4f6 31. Rfe1 Qf4+ 32. Kh1 Qg3 33. Qe4 Rh6
34. Bf1 Rxf3 35. Qxf3 Rxh3+ 36. gxh3 Qg1# 0-1

[Event "España ch-2015 sub-16"]
[Site "Salobreña ESP"]
[Date "2015.07.24"]
[Round "7.21"]
[White "Serrano Leiva, Ana"]
[Black "Aledo Yanguas, Javier"]
[Result "1-0"]
[WhiteElo "1889"]
[BlackElo "2017"]
[PlyCount "91"]
[EventDate "2015.07.20"]
[EventType "swiss"]
[EventRounds "9"]
[EventCountry "ESP"]
[Source "lmi"]
[SourceDate "2015.07.20"]

1. e4 c6 2. d4 d5 3. exd5 cxd5 4. Bd3 Nc6 5. c3 Nf6 6. Bf4 a6 7. h3 e6 8. Nd2
b5 9. a3 Bd6 10. Bxd6 Qxd6 11. Ngf3 O-O 12. O-O Rb8 13. Re1 a5 14. b4 a4 15.
Ne5 Ne7 16. Ndf3 Ng6 17. Qd2 Ba6 18. Rac1 Nd7 19. Nxd7 Qxd7 20. Ne5 Qc7 21. Qe3
Nxe5 22. dxe5 f6 23. exf6 Rxf6 24. Re2 Rb6 25. Bb1 Rc6 26. g3 Rc4 27. Rd2 Qd6
28. Ba2 Rc7 29. Rcd1 Bb7 30. Rc1 Qc6 31. Rd4 Rcf7 32. Rc2 Rf3 33. Qe1 Qe8 34.
Bxd5 Bxd5 35. Rxd5 Qe7 36. Rxb5 Qa7 37. Rg5 h6 38. Ra5 Rxg3+ 39. Kh2 Rxh3+ 40.
Kxh3 Qb7 41. Kh2 Rf4 42. Qxe6+ Kh7 43. Qd5 Qe7 44. Qd3+ Kg8 45. Kg2 Qb7+ 46.
Qd5+ 1-0

[Event "España ch-2015 sub-16"]
[Site "Salobreña ESP"]
[Date "2015.07.24"]
[Round "7.22"]
[White "Perez Beltran, Jose Maria"]
[Black "Munoz Avila, Jose Luis"]
[Result "1-0"]
[WhiteElo "2011"]
[BlackElo "1908"]
[PlyCount "57"]
[EventDate "2015.07.20"]
[EventType "swiss"]
[EventRounds "9"]
[EventCountry "ESP"]
[Source "lmi"]
[SourceDate "2015.07.20"]

1. e4 e5 2. Nf3 d6 3. d4 exd4 4. Nxd4 Nf6 5. Nc3 Be7 6. Bc4 O-O 7. O-O c6 8. a4
d5 9. exd5 cxd5 10. Be2 Nc6 11. Bf3 Qb6 12. Nb3 d4 13. Nb5 Be6 14. N5xd4 Rfd8
15. a5 Qb4 16. Nxc6 bxc6 17. Qe1 Qh4 18. Qe3 Bd6 19. g3 Qh3 20. Bg2 Qh5 21. Qg5
Bxb3 22. Qxh5 Nxh5 23. cxb3 Rab8 24. Bxc6 Rxb3 25. Be3 Bb8 26. Rfd1 Rbd3 27.
Rxd3 Rxd3 28. b4 Nf6 29. b5 1-0

[Event "España ch-2015 sub-16"]
[Site "Salobreña ESP"]
[Date "2015.07.24"]
[Round "7.23"]
[White "Martinez Pla, Xavier"]
[Black "Panades Catarineu, Oriol"]
[Result "1/2-1/2"]
[WhiteElo "2005"]
[BlackElo "1860"]
[PlyCount "68"]
[EventDate "2015.07.20"]
[EventType "swiss"]
[EventRounds "9"]
[EventCountry "ESP"]
[Source "lmi"]
[SourceDate "2015.07.20"]

1. e4 Nf6 2. e5 Nd5 3. d4 d6 4. c4 Nb6 5. exd6 exd6 6. Nc3 Nc6 7. Be3 Be7 8.
Bd3 O-O 9. b3 Bf6 10. Nge2 Re8 11. O-O Bg4 12. Qd2 Bxe2 13. Nxe2 a5 14. Rac1 d5
15. c5 Nc8 16. a3 N8e7 17. Bc2 Qd7 18. Ng3 Ng6 19. Bf5 Qd8 20. Ra1 Bh4 21. b4
axb4 22. axb4 Nce7 23. Bd3 Qd7 24. Qc2 h6 25. Rfe1 Bg5 26. Bxg5 hxg5 27. Nf5
Rxa1 28. Rxa1 Nf4 29. Nxe7+ Qxe7 30. g3 Nxd3 31. Qxd3 c6 32. Qd2 f6 33. f3 Qd7
34. Qd3 Qe6 1/2-1/2

[Event "España ch-2015 sub-16"]
[Site "Salobreña ESP"]
[Date "2015.07.24"]
[Round "7.24"]
[White "Martinez Lopez, Carlos"]
[Black "Rottenwohrer Suarez, Juan"]
[Result "0-1"]
[WhiteElo "1996"]
[BlackElo "1850"]
[PlyCount "128"]
[EventDate "2015.07.20"]
[EventType "swiss"]
[EventRounds "9"]
[EventCountry "ESP"]
[Source "lmi"]
[SourceDate "2015.07.20"]

1. e4 c5 2. Nf3 g6 3. d4 cxd4 4. Nxd4 Nc6 5. Nc3 Bg7 6. Be3 Nf6 7. Bc4 O-O 8.
Bb3 a5 9. f3 d5 10. Ndb5 dxe4 11. Qxd8 Rxd8 12. fxe4 Ng4 13. Bb6 Rd7 14. O-O
Nge5 15. Nd5 Ra6 16. Be3 a4 17. Nb6 axb3 18. Nxd7 Bxd7 19. axb3 Ng4 20. Bc5
Rxa1 21. Rxa1 Bxb2 22. Ra8+ Kg7 23. h3 Nf6 24. Na7 Nxe4 25. Nxc6 Nxc5 26. Nxe7
Be6 27. Nc8 Bc3 28. Nd6 Bd5 29. Rc8 Bc6 30. Kh1 Bb4 31. Rc7 Ne6 32. Rxf7+ Kg8
33. Rf6 Nd4 34. Nxb7 Be7 35. Rf4 Ne6 36. Na5 Nxf4 37. Nxc6 Bd6 38. Kg1 Kf7 39.
Kf2 Ke8 40. Kf3 Kd7 41. Na5 Nd5 42. Nc4 Nb4 43. Nxd6 Kxd6 44. c4 Nc6 45. Kf4 h6
46. h4 Ke6 47. g4 Na5 48. b4 Nxc4 49. Ke4 Nb6 50. b5 Nc8 51. Kd4 Kf6 52. Kd5 h5
53. gxh5 gxh5 54. Kd4 Kf5 55. Ke3 Kg4 56. Kf2 Kxh4 57. Kg2 Kg4 58. Kh2 h4 59.
Kg2 h3+ 60. Kh2 Kh4 61. Kh1 Kg3 62. Kg1 h2+ 63. Kh1 Nd6 64. b6 Ne4 0-1

[Event "España ch-2015 sub-16"]
[Site "Salobreña ESP"]
[Date "2015.07.24"]
[Round "7.25"]
[White "Losa Ordonez, Juan Jose"]
[Black "Motos Abellan, Daniel"]
[Result "0-1"]
[WhiteElo "1822"]
[BlackElo "1994"]
[PlyCount "66"]
[EventDate "2015.07.20"]
[EventType "swiss"]
[EventRounds "9"]
[EventCountry "ESP"]
[Source "lmi"]
[SourceDate "2015.07.20"]

1. e4 e6 2. d4 b6 3. Bd3 Bb7 4. Qe2 Be7 5. Nf3 Nf6 6. O-O c5 7. c3 Nc6 8. a3
Qc7 9. Rd1 h6 10. Nbd2 g5 11. Nb3 O-O-O 12. g3 d5 13. e5 Nd7 14. Bc2 Kb8 15.
Ne1 Rdg8 16. Ng2 h5 17. h3 f6 18. exf6 Nxf6 19. Qxe6 Bc8 20. Qe3 c4 21. Nd2
Bxh3 22. Nf1 Bd6 23. Bd2 Ng4 24. Qf3 Rf8 25. Qxd5 Ne7 26. Qxg5 Bxg2 27. Kxg2
Rxf2+ 28. Kg1 Bxg3 29. Be4 Re2 30. Be3 Rxe3 31. Nxe3 Bf2+ 32. Kf1 Bxe3 33. Qg7
Qf4+ 0-1

[Event "España ch-2015 sub-16"]
[Site "Salobreña ESP"]
[Date "2015.07.24"]
[Round "7.26"]
[White "Lerendegui Lasa, Odei"]
[Black "Guerra Arrocha, Daniel"]
[Result "1-0"]
[WhiteElo "1797"]
[BlackElo "1989"]
[PlyCount "51"]
[EventDate "2015.07.20"]
[EventType "swiss"]
[EventRounds "9"]
[EventCountry "ESP"]
[Source "lmi"]
[SourceDate "2015.07.20"]

1. e4 e6 2. d4 d5 3. Bd3 Nf6 4. e5 Nfd7 5. f4 c5 6. c3 Nc6 7. Nf3 Qb6 8. Bc2
cxd4 9. cxd4 Be7 10. O-O f6 11. Kh1 fxe5 12. fxe5 O-O 13. Nc3 g6 14. Na4 Qd8
15. Bh6 Rf7 16. Qd2 Nf8 17. Rf2 b6 18. Raf1 Bd7 19. Ng5 Rxf2 20. Qxf2 Qe8 21.
h4 Rc8 22. Nc3 b5 23. Nf7 b4 24. Nd6 Bxd6 25. exd6 e5 26. Nxd5 1-0

[Event "España ch-2015 sub-16"]
[Site "Salobreña ESP"]
[Date "2015.07.24"]
[Round "7.27"]
[White "Dominguez Fernandez, Angel I"]
[Black "Callejas Rojas, Francisco Miguel"]
[Result "0-1"]
[WhiteElo "1988"]
[BlackElo "1839"]
[PlyCount "105"]
[EventDate "2015.07.20"]
[EventType "swiss"]
[EventRounds "9"]
[EventCountry "ESP"]
[Source "lmi"]
[SourceDate "2015.07.20"]

1. e4 e6 2. Nc3 d5 3. Nf3 Nf6 4. e5 Nfd7 5. d4 c5 6. dxc5 Bxc5 7. Bd3 Nc6 8.
Bf4 f6 9. exf6 Nxf6 10. Qe2 O-O 11. O-O-O a6 12. Kb1 Bd6 13. Bg5 b5 14. h4 b4
15. Bxf6 Rxf6 16. Na4 e5 17. Bxh7+ Kxh7 18. Ng5+ Kg8 19. Rxd5 Nd4 20. Qxe5 Bxe5
21. Rxd8+ Rf8 22. Rd5 Bf5 23. Rc1 Bf6 24. Nc5 Rad8 25. Rxf5 Nxf5 26. Nge6 Rd5
27. Nxf8 Rxc5 28. Nd7 Rd5 29. Nxf6+ gxf6 30. c3 Nxh4 31. g3 Nf5 32. cxb4 Rd6
33. Rc5 Nd4 34. a4 Kf7 35. g4 Ke6 36. f4 Rb6 37. b5 axb5 38. a5 Rc6 39. Rxc6+
Nxc6 40. a6 Kd7 41. g5 f5 42. Kc2 Nb4+ 43. Kc3 Nxa6 44. Kd4 Ke6 45. b3 Kd6 46.
g6 Nc7 47. Ke3 Ne6 48. Kf3 Ke7 49. Ke3 Kf6 50. Kd3 Nxf4+ 51. Kd4 Nxg6 52. Kc5
f4 53. Kd4 0-1

[Event "España ch-2015 sub-16"]
[Site "Salobreña ESP"]
[Date "2015.07.24"]
[Round "7.28"]
[White "Goni Navarro, Pablo"]
[Black "Represa Perez, Mireya"]
[Result "1-0"]
[WhiteElo "1978"]
[BlackElo "1836"]
[PlyCount "119"]
[EventDate "2015.07.20"]
[EventType "swiss"]
[EventRounds "9"]
[EventCountry "ESP"]
[Source "lmi"]
[SourceDate "2015.07.20"]

1. e4 c5 2. Nf3 e6 3. d4 cxd4 4. Nxd4 Nc6 5. Nb5 d6 6. c4 Nf6 7. N5c3 a6 8. Be2
Be7 9. O-O Qc7 10. Be3 Ne5 11. Nd2 b6 12. Rc1 Bb7 13. f4 Ned7 14. b4 O-O 15. a3
Rac8 16. Bf3 Rfd8 17. Nb3 Qb8 18. Qe2 Qa8 19. Bf2 Re8 20. Rfe1 Bd8 21. Qd3 Bc7
22. Bg3 Qb8 23. Qd2 Nf8 24. Rcd1 Ng6 25. h4 Qa8 26. h5 Ne7 27. Qe2 d5 28. e5
Nf5 29. Bf2 dxc4 30. Bxb7 Qxb7 31. Nd4 Nxd4 32. Rxd4 Nd5 33. Nxd5 exd5 34. Red1
Red8 35. Qf3 c3 36. Rc1 b5 37. Rxc3 Bb6 38. Rxc8 Qxc8 39. Rd1 Bxf2+ 40. Qxf2
Qg4 41. Qf3 Qxf3 42. gxf3 g6 43. hxg6 hxg6 44. Kf2 Kf8 45. Ke3 Ke7 46. Rc1 d4+
47. Kd3 f6 48. Rc7+ Rd7 49. Rxd7+ Kxd7 50. Kxd4 Ke6 51. Ke4 Ke7 52. Kd5 Kf7 53.
Kd6 fxe5 54. fxe5 g5 55. Kd7 Kg6 56. e6 Kf5 57. e7 Kf4 58. e8=Q Kxf3 59. Qe1 g4
60. Qg1 1-0

[Event "España ch-2015 sub-16"]
[Site "Salobreña ESP"]
[Date "2015.07.24"]
[Round "7.29"]
[White "Gonzalez Capacete, Jose Miguel"]
[Black "Aliane Diez, Aaron"]
[Result "1/2-1/2"]
[WhiteElo "1977"]
[BlackElo "1834"]
[PlyCount "83"]
[EventDate "2015.07.20"]
[EventType "swiss"]
[EventRounds "9"]
[EventCountry "ESP"]
[Source "lmi"]
[SourceDate "2015.07.20"]

1. Nf3 Nf6 2. b3 d5 3. Bb2 e6 4. e3 Nbd7 5. Be2 Bd6 6. d4 O-O 7. O-O Ne4 8.
Nfd2 f5 9. Qe1 Rf6 10. f4 Rh6 11. c4 c6 12. Nf3 Ndf6 13. h3 Qe7 14. Nc3 Bd7 15.
Ne5 Kh8 16. Rf3 Rg8 17. Bd3 g5 18. Bxe4 dxe4 19. Rg3 Bxe5 20. dxe5 Nh5 21. Rxg5
Rxg5 22. fxg5 Qxg5 23. Rd1 Rg6 24. Qf2 Be8 25. Ne2 Rg8 26. Rd6 Qg6 27. Kf1 f4
28. exf4 e3 29. Qxe3 Qxg2+ 30. Ke1 Ng3 31. Rxe6 Nxe2 32. Qxe2 Qg1+ 33. Kd2 Bh5
34. Qxh5 Rg2+ 35. Kd3 Rg3+ 36. Ke4 Qb1+ 37. Kd4 Qg1+ 38. Ke4 Qb1+ 39. Kd4 Qg1+
40. Ke4 Qb1+ 41. Kd4 Qxb2+ 42. Ke4 1/2-1/2

[Event "España ch-2015 sub-16"]
[Site "Salobreña ESP"]
[Date "2015.07.24"]
[Round "7.30"]
[White "Lechuga Cabrero, Diego"]
[Black "Marquez Marvizon, Alejandra"]
[Result "0-1"]
[WhiteElo "1753"]
[BlackElo "1968"]
[PlyCount "87"]
[EventDate "2015.07.20"]
[EventType "swiss"]
[EventRounds "9"]
[EventCountry "ESP"]
[Source "lmi"]
[SourceDate "2015.07.20"]

1. e4 e6 2. d4 d5 3. e5 c5 4. c3 Qb6 5. Nf3 Nc6 6. a3 Nh6 7. b4 cxd4 8. cxd4
Nf5 9. Bb2 Be7 10. Be2 a5 11. b5 a4 12. O-O O-O 13. g4 Nh4 14. Nxh4 Bxh4 15.
Bc3 Na5 16. Nd2 Re8 17. Qxa4 Bd7 18. Qb4 Be7 19. Qb2 Rac8 20. Bb4 Bxb4 21. Qxb4
Rf8 22. Rac1 Ra8 23. Rc5 f6 24. f4 fxe5 25. fxe5 Rxf1+ 26. Nxf1 Rf8 27. Ne3 Qd8
28. Ng2 Be8 29. Rc1 Bg6 30. Rf1 Re8 31. Qd2 Qb6 32. Qb4 Rc8 33. Kh1 Nc4 34. Qe7
Nd2 35. Rd1 Ne4 36. Rf1 Nc3 37. Nf4 Nxe2 38. Nxe2 h6 39. Nf4 Be4+ 40. Ng2 Rc2
41. Rg1 Qxd4 42. Qxe6+ Kh7 43. Qf7 Rxg2 44. Qf8 0-1

[Event "España ch-2015 sub-16"]
[Site "Salobreña ESP"]
[Date "2015.07.24"]
[Round "7.31"]
[White "Lagos Lejarraga, Jon"]
[Black "Comellas Martos, Lidia"]
[Result "1-0"]
[WhiteElo "1965"]
[BlackElo "1822"]
[PlyCount "114"]
[EventDate "2015.07.20"]
[EventType "swiss"]
[EventRounds "9"]
[EventCountry "ESP"]
[Source "lmi"]
[SourceDate "2015.07.20"]

1. e4 c5 2. Nf3 Nc6 3. Bb5 g6 4. Bxc6 dxc6 5. d3 Bg7 6. h3 Nf6 7. Nc3 O-O 8.
Be3 b6 9. Qd2 Nd7 10. Bh6 e5 11. Bxg7 Kxg7 12. g4 h6 13. O-O-O a5 14. Rdf1 a4
15. Ne1 b5 16. Nd1 a3 17. b3 c4 18. Ne3 cxb3 19. cxb3 Nc5 20. Qc3 Qd4 21. Qxd4
exd4 22. N3c2 Rd8 23. Kd2 f5 24. gxf5 gxf5 25. Rfg1+ Kf6 26. e5+ Kf7 27. h4 Ne6
28. h5 Nf8 29. Nf3 c5 30. Nh4 Ra6 31. Rh2 f4 32. Rhg2 Ne6 33. Nf5 Nf8 34. Nd6+
Raxd6 35. exd6 Ne6 36. Nxa3 Ng5 37. Kd1 Rxd6 38. Nxb5 Rb6 39. Na3 Bb7 40. Nc4
Ra6 41. Rxg5 hxg5 42. Rxg5 Kf6 43. Rg6+ Ke7 44. Rg7+ Kf6 45. Rxb7 Rxa2 46. Ke1
f3 47. Rb8 Ra1+ 48. Kd2 Ra2+ 49. Kd1 Rxf2 50. Nd2 Rh2 51. Nxf3 Rxh5 52. Re8
Rh1+ 53. Re1 Rh3 54. Rf1 Ke7 55. Kc2 Kd6 56. Rf2 Rg3 57. Nd2 Kd5 1-0

[Event "España ch-2015 sub-16"]
[Site "Salobreña ESP"]
[Date "2015.07.24"]
[Round "7.32"]
[White "Gazquez Corral, Alba"]
[Black "Henderson de La Fuente, Andrea"]
[Result "0-1"]
[WhiteElo "1737"]
[BlackElo "1947"]
[PlyCount "82"]
[EventDate "2015.07.20"]
[EventType "swiss"]
[EventRounds "9"]
[EventCountry "ESP"]
[Source "lmi"]
[SourceDate "2015.07.20"]

1. e4 d6 2. d4 Nf6 3. Nc3 Nbd7 4. Nf3 e5 5. Bc4 Be7 6. O-O O-O 7. h3 c6 8. a4
b6 9. Be3 a6 10. Nd2 Bb7 11. Bb3 b5 12. dxe5 dxe5 13. Qf3 Qc7 14. g4 Ne8 15.
axb5 axb5 16. g5 Nd6 17. Qg3 b4 18. Na4 c5 19. Bd5 Bxd5 20. exd5 c4 21. b3 Rfc8
22. Qg4 c3 23. Ne4 Nb5 24. f4 exf4 25. Qxf4 Qxf4 26. Rxf4 Na3 27. Rf2 Re8 28.
Bd4 Nb5 29. Rd1 Bd8 30. Re2 Nxd4 31. Rxd4 Rxa4 32. bxa4 Bb6 33. Kf1 Bxd4 34. h4
Kf8 35. d6 Nc5 36. Nxc5 Rxe2 37. Nd7+ Ke8 38. Nf6+ gxf6 39. Kxe2 fxg5 40. hxg5
Kd7 41. Kd3 Bc5 0-1

[Event "España ch-2015 sub-16"]
[Site "Salobreña ESP"]
[Date "2015.07.24"]
[Round "7.33"]
[White "Andrade Sandoval, Jim Carlos"]
[Black "Llamas Guevara, Francisco Jose"]
[Result "1/2-1/2"]
[WhiteElo "1697"]
[BlackElo "1945"]
[PlyCount "57"]
[EventDate "2015.07.20"]
[EventType "swiss"]
[EventRounds "9"]
[EventCountry "ESP"]
[Source "lmi"]
[SourceDate "2015.07.20"]

1. d4 e6 2. Nf3 Nf6 3. c3 c5 4. e3 b6 5. Bd3 Bb7 6. Nbd2 cxd4 7. exd4 Nc6 8.
O-O Be7 9. Re1 d6 10. Qe2 a6 11. Nf1 O-O 12. Bg5 Re8 13. Qc2 h6 14. Bh4 Rc8 15.
a3 b5 16. Bxf6 Bxf6 17. Qd2 Na5 18. Qd1 Nc4 19. Bxc4 bxc4 20. Ne3 Qb6 21. Nd2
d5 22. Rb1 Qa5 23. Ng4 Be7 24. Re3 Bc6 25. Rg3 Kf8 26. Ne5 Bf6 27. Ng4 Bd8 28.
Ne5 Bf6 29. Ng4 1/2-1/2

[Event "España ch-2015 sub-16"]
[Site "Salobreña ESP"]
[Date "2015.07.24"]
[Round "7.34"]
[White "Porta Tovar, Guillem"]
[Black "Krell Calvo, Daniel"]
[Result "1/2-1/2"]
[WhiteElo "1945"]
[BlackElo "1560"]
[PlyCount "165"]
[EventDate "2015.07.20"]
[EventType "swiss"]
[EventRounds "9"]
[EventCountry "ESP"]
[Source "lmi"]
[SourceDate "2015.07.20"]

1. e4 c5 2. Nf3 Nc6 3. d4 cxd4 4. Nxd4 g6 5. Nc3 Bg7 6. Be3 Nf6 7. Bc4 O-O 8.
Bb3 Qa5 9. O-O d6 10. h3 Bd7 11. f4 Nxd4 12. Bxd4 Bc6 13. Qd3 Rad8 14. Qe3 Nd7
15. Nd5 Bxd5 16. Bxg7 Kxg7 17. Bxd5 Qc5 18. Rae1 Qxe3+ 19. Rxe3 Rc8 20. Rf2 Rc7
21. Ra3 a6 22. Re2 e6 23. Bb3 Nc5 24. Kf2 Nxb3 25. Rxb3 Rfc8 26. c3 b5 27. Ra3
Rc6 28. Ke3 h5 29. Ra5 f5 30. a4 fxe4 31. axb5 axb5 32. Kxe4 b4 33. cxb4 Rc4+
34. Kd3 Rxb4 35. Rxe6 Rb3+ 36. Kd4 Rxb2 37. Rg5 Rcc2 38. Rexg6+ Kf7 39. Kd5
Rd2+ 40. Kc6 Rdc2+ 41. Kd5 Rd2+ 42. Ke4 Re2+ 43. Kf3 Rf2+ 44. Kg3 Rxg2+ 45. Kh4
Rxg5 46. Rxg5 Rb4 47. Rf5+ Kg6 48. Rf8 Kg7 49. Rd8 Rxf4+ 50. Kxh5 Rd4 51. h4
Kf6 52. Rf8+ Ke7 53. Rf1 Ke6 54. Kg5 Rd2 55. h5 Rg2+ 56. Kh4 Rh2+ 57. Kg4 Ke5
58. Kg5 Rg2+ 59. Kh6 Rh2 60. Kg6 d5 61. h6 Rg2+ 62. Kf7 Rh2 63. Kg7 Rg2+ 64.
Kh8 Ke6 65. Rf4 Rg3 66. h7 Ke7 67. Ra4 Kf7 68. Ra7+ Kf8 69. Rd7 Rg5 70. Rd8+
Kf7 71. Rg8 Rh5 72. Rg4 Rf5 73. Rg7+ Kf8 74. Rd7 Rg5 75. Rd8+ Kf7 76. Rg8 Rf5
77. Rg4 Rf1 78. Rg5 d4 79. Rg4 d3 80. Rd4 Rf3 81. Rd8 Rh3 82. Rd4 Rf3 83. Rf4+
1/2-1/2